| 000 | 00538pab a2200169 454500 | ||
|---|---|---|---|
| 008 | 180718b2007 xxu||||| |||| 00| 0 eng d | ||
| 100 | _aThapar, Romila | ||
| 245 | _aMyth and history | ||
| 260 | _c2007 | ||
| 300 | _ap.3903-905. | ||
| 362 | _a29 Sep | ||
| 520 | _aThe controversy over the existence of Ramsetu was generated by the government's attempt to settle a matter it was not called upon to settle. - Reproduced. | ||
| 650 | _aSethusamudran Project | ||
| 773 | _aEconomic and Political Weekly | ||
| 908 | _aN | ||
| 909 | _a76008 | ||
| 999 |
_c76008 _d76008 |
||